| 000 | 00673nam a22002297a 4500 | ||
|---|---|---|---|
| 999 |
_c980 _d980 |
||
| 001 | 980 | ||
| 003 | BD-JhCC | ||
| 005 | 20220802134021.0 | ||
| 008 | 171012s2008 bg |||| ||a| 00| 0 ben d | ||
| 020 | _a9847002200379 | ||
| 035 | _a(BD-JhCC)980 | ||
| 040 |
_aBD-JhCC _dBD-JhCC |
||
| 041 | _aben | ||
| 082 |
_a891.443 _bMOL 2008 |
||
| 100 | _aমল্লবর্মন, অদ্বৈত | ||
| 245 |
_aতিতাস একটি নদীর নাম / _cমল্লবর্মন, অদ্বৈত |
||
| 260 |
_aঢাকা : _bসূচীপত্র, _c2008 |
||
| 300 |
_a208 p.: _c21 cm. |
||
| 650 | _aBengali Novel | ||
| 942 |
_2ddc _cBK _01 |
||